[Event "SWE-ch"]
[Site "Borlange"]
[Date "2014.07.15"]
[Round "4"]
[White "Andersson, Tommy"]
[Black "Semcesen, Daniel"]
[Result "0-1"]
[WhiteElo "2336"]
[BlackElo "2471"]
[Annotator "Ziegler,A"]
[PlyCount "63"]
[EventDate "2014.07.12"]
[EventType "tourn"]
[EventRounds "9"]
[EventCountry "SWE"]
[EventCategory "10"]
[SourceTitle "CBM 161 Extra"]
[Source "ChessBase"]
[SourceDate "2014.08.29"]
[SourceVersion "1"]
[SourceVersionDate "2014.08.29"]
[SourceQuality "1"]
[WhiteClock "0:00:43"]
[BlackClock "0:05:31"]

1. d4 f5 2. g3 Nf6 3. Bg2 g6 4. c4 Bg7 5. Nc3 O-O 6. Nh3 d6 7. d5 Nbd7 8. O-O
Ne5 9. b3 c5 10. Bd2 $6 {of course playable but highly unesthaetic.} ({Both} 
10. Bb2 {and}) (10. Qc2 {are sound and good moves.}) 10... Rb8 11. Qc2 a6 12.
a4 b6 13. Rae1 $6 ({an interesting way to make ...b5 uncomfortable is:} 13. Ra2
Qc7 14. Nf4 Bd7 15. Rfa1 $1) 13... Bd7 14. f4 (14. e4 fxe4 15. Nxe4 Nxe4 16.
Rxe4 Nf3+ $1) 14... Nf7 15. Nf2 b5 16. axb5 axb5 17. cxb5 Bxb5 18. Nxb5 Rxb5
$11 19. g4 {Why? The risk/reward ratio don't look good for white.} Nxg4 20.
Nxg4 fxg4 21. f5 g5 22. f6 Bxf6 23. Be4 Kg7 24. Bxh7 Ne5 25. Rf5 Rh8 26. Rxe5
Rxh7 27. Rf5 Qh8 28. Qe4 Rxb3 29. Bxg5 Rxh2 30. Bxf6+ exf6 31. Qxg4+ Kf7 32.
Rxf6+ 0-1